000 00712nam a22002057a 4500
005 20251108175050.0
008 250721s2009 xx 000 0 ara d
082 1 4 _a926.1/ألي
100 1 _aاليسون، ماري
245 1 0 _aالدكتورة في جزيرة العرب مذكرات ماري برونز أليسون /
264 1 _aالكويت :
_bمركز البحوث و الدراسات الكويتية،
_c2009.
300 _a513ص.
650 1 7 _aالمذكرات الشخصية
650 1 7 _aالتراجم الذاتية
650 1 7 _aالاطباء
700 1 _aالكرود، إيمان
_eمترجم
700 1 _aشو، ساندرا
_eمحرر
942 _2ddc
_cBK
999 _c125303
_d125303